Kommunististen valtioiden lippuja - Statistics

Yleistilastot
  • Tätä visaa on pelattu 32 kertaa
    31 viimeisimmän päivityksen jälkeen
  • Keskiarvotulos 30 / 45
Vastaustilastot
Kuvavisa Vastaus % Oikein
Albania
96%
Kiina
96%
Itä-Saksa
88%
Angola
85%
Laos
85%
Pohjois-Korea
85%
Tšekki / Slovakia
85%
Vietnam
85%
Kuuba
81%
Puola
81%
Unkari
81%
Valko-Venäjä
81%
Venäjä
81%
Kambodža
77%
Mongolia
77%
Romania
77%
Serbia
77%
Armenia
73%
Bulgaria
73%
Slovenia
73%
Somalia
73%
Turkmenistan
73%
Kroatia
69%
Latvia
69%
Liettua
69%
Montenegro
69%
Ukraina
69%
Viro
69%
Kazakstan
65%
Kosovo
65%
Pohjois-Makedonia
65%
Tadzikistan
65%
Afganistan
62%
Azerbaidžan
62%
Moldova
62%
Georgia
58%
Bosnia-Hertsegovina
54%
Kirgisia
54%
Uzbekistan
50%
Etiopia
42%
Mosambik
42%
Etelä-Jemen
38%
Grenada
35%
Benin
12%
Kongo
12%
Ehtoja vastaavia visoja ei löytynyt
Tulosjakauma
Jokaisen tuloksen saaneiden osuus
Persentiili vastausten määrän mukaan
Tuloshistoriasi
Et ole pelannut tätä visaa sen viimeisimmän päivityksen jälkeen